مناسك الحج والعمرة ززيارة المسجد النبوي على المذاهب الأربعة / (Record no. 14225)
[ view plain ]
| 000 -LEADER | |
|---|---|
| fixed length control field | 01562nam a22002537a 4500 |
| 008 - FIXED-LENGTH DATA ELEMENTS--GENERAL INFORMATION | |
| fixed length control field | 100627t xxu||||| |||| 00| 0 eng d |
| 082 ## - DEWEY DECIMAL CLASSIFICATION NUMBER | |
| Edition number | 22 |
| Classification number | 252.52 |
| Item number | ف د ا |
| 100 ## - MAIN ENTRY--PERSONAL NAME | |
| 9 (RLIN) | 15249 |
| Personal name | فدا، عباس عبدالله |
| Relator term | إشراف وتنفيذ |
| 245 ## - TITLE STATEMENT | |
| Title | مناسك الحج والعمرة ززيارة المسجد النبوي على المذاهب الأربعة / |
| Statement of responsibility, etc | إشراف وتنفيذ عباس عبدالله فدا |
| 246 ## - VARYING FORM OF TITLE | |
| Title proper/short title | The Rites of Hajj and Umra and the Visit of Prophet's Mosque according to the four Schools of Muslim Law |
| 260 ## - PUBLICATION, DISTRIBUTION, ETC. (IMPRINT) | |
| Place of publication, distribution, etc | مكة : |
| Name of publisher, distributor, etc | مركز الحرمين التجاري ، [د.ت] |
| Date of publication, distribution, etc | [د.ت] |
| 300 ## - PHYSICAL DESCRIPTION | |
| Extent | 85 ص : |
| Other physical details | صور ؛ |
| Dimensions | 20 سم |
| 500 ## - GENERAL NOTE | |
| General note | النص بالعربية والانجليزية |
| 505 ## - FORMATTED CONTENTS NOTE | |
| Formatted contents note | الأدعية: الطواف -- السعي -- عرفات -- مزدلفة -- منى -- طواف الوداع -- زيارة المدينة المنورة |
| 541 ## - IMMEDIATE SOURCE OF ACQUISITION NOTE | |
| Source of acquisition | علاء عبد الغني؛ |
| 650 ## - SUBJECT ADDED ENTRY--TOPICAL TERM | |
| 9 (RLIN) | 15017 |
| Topical term or geographic name as entry element | الحج |
| General subdivision | مناسك |
| 650 ## - SUBJECT ADDED ENTRY--TOPICAL TERM | |
| 9 (RLIN) | 15027 |
| Topical term or geographic name as entry element | الحج |
| General subdivision | الخروج إلى منى والوقوف بعرفة |
| 650 ## - SUBJECT ADDED ENTRY--TOPICAL TERM | |
| 9 (RLIN) | 15028 |
| Topical term or geographic name as entry element | الحج |
| General subdivision | دخول مكة |
| 650 ## - SUBJECT ADDED ENTRY--TOPICAL TERM | |
| 9 (RLIN) | 15029 |
| Topical term or geographic name as entry element | الحج |
| General subdivision | الدفع من عرفة إلى المزدلفة |
| 650 ## - SUBJECT ADDED ENTRY--TOPICAL TERM | |
| 9 (RLIN) | 15032 |
| Topical term or geographic name as entry element | الطواف بالكعبة |
| 650 ## - SUBJECT ADDED ENTRY--TOPICAL TERM | |
| 9 (RLIN) | 15030 |
| Topical term or geographic name as entry element | السعي بين الصفا والمروة |
| 942 ## - ADDED ENTRY ELEMENTS (KOHA) | |
| Source of classification or shelving scheme | Dewey Decimal Classification |
| Item type | Book - Borrowing |
| Withdrawn status | Item status | Source of classification or shelving scheme | Damaged status | Not for loan | Vendor | Home library | Current library | Shelving location | Date acquired | Source of acquisition | Total Checkouts | Total Renewals | Full call number | Barcode | Date last seen | Date last borrowed | Koha item type |
|---|---|---|---|---|---|---|---|---|---|---|---|---|---|---|---|---|---|
| Dewey Decimal Classification | Central Library | Central Library | Lower Floor | 27/06/2010 | Donation | 2 | 5 | 252.52 فدا | 000021215 | 15/07/2025 | 03/01/2024 | Book - Borrowing |